| 000 | 01793nam a2200289 a 4500 | ||
|---|---|---|---|
| 001 | ASIN294036124X | ||
| 003 | OSt | ||
| 005 | 20180116192418.0 | ||
| 008 | 130805s2006 xxu eng d | ||
| 020 |
_a294036124X (hardcover) _c$35.00 |
||
| 020 | _a9782940361243 (hardcover) | ||
| 040 | _c00 | ||
| 050 | 0 | 4 | _aTS171 |
| 082 | 0 | 4 | _a658.5752 |
| 100 | 1 |
_aSlack, Laura. _96923 |
|
| 245 | 1 | 0 |
_aWhat is product design? / _cLaura Slack. |
| 260 |
_a: _bRotoVision, _c2006. |
||
| 300 |
_a256 p. ; _c23 cm. |
||
| 490 | 1 | _aEssential design handbooks. | |
| 520 | _aThis unrivalled handbook is a guide to the world of industrial design, exploring what constitutes successful design, how it works, and how product design creates a market for itself. It explores the multifarious role of product designers, as new technology and materials present new possibilities for both form and function. What is Product Design? looks at issues of longevity and life cycles, multifunctionalism, concept generation and product development, prototyping, naming, and product placement. What is Product Design? is not just an in-depth exploration of successful design, it is also a stunning, diverse portfolio of cutting-edge work from designers and studios throughout the globe, showcasing world-beating design that exceeds the brief, and demands attention. Like the other titles in the Essential Design Handbooks series, this will be necessary reading for all professional graphic designers and students. | ||
| 650 | 0 |
_aIndustrial design _96924 |
|
| 650 | 0 |
_aNew products _96925 |
|
| 830 | 0 |
_aEssential design handbooks. _96926 |
|
| 856 | 4 | 0 |
_3Amazon.com _uhttp://www.amazon.com/exec/obidos/ASIN/294036124X/chopaconline-20 |
| 942 |
_2ddc _cBK |
||
| 999 |
_c353789 _d353789 |
||